| 000 | 01149nam0a22002771 4500 | ||
|---|---|---|---|
| 001 | rc\3297883 | ||
| 005 | 20250609205444.0 | ||
| 021 |
_aRU _b[70-55216] |
||
| 035 | _a(NLR Aleph) 007499203 | ||
| 090 |
_a7660422 _c7660422 |
||
| 100 | _a20130115d1970 |||y0rusy50 ca | ||
| 101 | 0 | _arus | |
| 102 | _aRU | ||
| 105 | _aa z ||||| | ||
| 200 | 1 |
_aДальние электропередачи _eПереводы докладов на XXII сессии СИГРЭ 1968 г. и Америк. энерг. конференции 1968 г. _fПод ред. С.С. Рокотяна |
|
| 210 |
_aМосква _cЭнергия _d1970 |
||
| 215 |
_a249 с. _cил. _d20 |
||
| 320 | _aБиблиогр. в конце докладов | ||
| 606 |
_aЭлектрическая энергия _xПередача на расстояние _jСборники _2psbo |
||
| 606 |
_aЭлектрические передачи, высоковольтные _jСборники _2psbo |
||
| 702 | 1 |
_aРокотян _bС.С. _gСергей Сергеевич _4340 |
|
| 801 | 0 |
_aRU _bNLR _gpsbo |
|
| 801 | 1 |
_aRU _bELAR _2rusmarc |
|
| 852 |
_aNLR _j70-3/4314 |
||
| 942 | _cBOOK | ||
| 980 | _aNB | ||